Southville International School and Colleges
Your cart is empty.
  • Cart
  • Lists
    Public lists Eva Luna New books Lux_list list_1
    Your lists Log in to create your own lists
  • Log in to your account
  • Your cookies
  • Search history
Southville International School and Colleges
  • Advanced search
  • Recent comments
  • Most popular
  • Libraries

Log in to your account

Log in with GOOGLE


If you do not have an external account, but do have a local account, you can still log in:

  1. Home
  2. MARC view: The fruit of the Spirit :
Normal view MARC view ISBD view

The fruit of the Spirit : (Record no. 8584)

[ view plain ]
MARC details
000 -LEADER
fixed length control field 00915cam a2200277 a 4500
001 - CONTROL NUMBER
control field 1089610
003 - CONTROL NUMBER IDENTIFIER
control field OSt
005 - DATE AND TIME OF LATEST TRANSACTION
control field 20140310182032.0
008 - FIXED-LENGTH DATA ELEMENTS--GENERAL INFORMATION
fixed length control field 921117s1993 ilu 000 0 eng
010 ## - LIBRARY OF CONGRESS CONTROL NUMBER
LC control number 92042055
020 ## - INTERNATIONAL STANDARD BOOK NUMBER
International Standard Book Number 1850781443 :
Terms of availability $8.99
040 ## - CATALOGING SOURCE
Original cataloging agency DLC
Transcribing agency DLC
Modifying agency DLC
050 00 - LIBRARY OF CONGRESS CALL NUMBER
Classification number BV 4501.2
Item number .B859 1993
082 00 - DEWEY DECIMAL CLASSIFICATION NUMBER
Classification number HS 248.4
Item number B77 1973
100 1# - MAIN ENTRY--PERSONAL NAME
Personal name Briscoe, Stuart D.
9 (RLIN) 10305
245 14 - TITLE STATEMENT
Title The fruit of the Spirit :
Remainder of title cultivating Christian character /
Statement of responsibility, etc Stuart Briscoe.
260 ## - PUBLICATION, DISTRIBUTION, ETC. (IMPRINT)
Place of publication, distribution, etc Carlisle, U.K. :
Name of publisher, distributor, etc OM Publishing,
Date of publication, distribution, etc c1993.
300 ## - PHYSICAL DESCRIPTION
Extent 160 p. :
Dimensions 18 cm.
440 #0 - SERIES STATEMENT/ADDED ENTRY--TITLE
Title Foundations of the faith
9 (RLIN) 10306
650 #0 - SUBJECT ADDED ENTRY--TOPICAL TERM
Topical term or geographic name as entry element Fruit of the Spirit.
9 (RLIN) 10307
650 #0 - SUBJECT ADDED ENTRY--TOPICAL TERM
Topical term or geographic name as entry element Christian life.
9 (RLIN) 1330
906 ## - LOCAL DATA ELEMENT F, LDF (RLIN)
a 7
b cbc
c orignew
d 1
e ocip
f 19
g y-gencatlg
942 ## - ADDED ENTRY ELEMENTS (KOHA)
Source of classification or shelving scheme Library of Congress Classification
Koha item type
Holdings
Withdrawn status Lost status Source of classification or shelving scheme Damaged status Home library Current library Shelving location Date acquired Total Checkouts Full call number Barcode Date last seen Copy number Price effective from Koha item type
    Library of Congress Classification   Luxembourg Library Luxembourg Library High School Section 08/14/2013   BV 4501.2 .B859 1993 6761 05/27/2015 1 08/14/2013 Books

The fruit of the Spirit :

APA

Briscoe S. D., . (1993). The fruit of the Spirit. Carlisle, U.K: OM Publishing.

Chicago

Briscoe Stuart D, . 1993. The fruit of the Spirit. Carlisle, U.K: OM Publishing.

Harvard

Briscoe S. D., . (1993). The fruit of the Spirit. Carlisle, U.K: OM Publishing.

MLA

Briscoe Stuart D, . The fruit of the Spirit. Carlisle, U.K: OM Publishing. 1993.

  • Place hold
  • Print
  • Cite
  • Add to your cart (remove)
  • Save record
    BIBTEX Dublin Core MARCXML MARC (non-Unicode/MARC-8) MARC (Unicode/UTF-8) MARC (Unicode/UTF-8, Standard) MODS (XML) RIS
  • More searches
    Search for this title in:
    Other Libraries (WorldCat) Other Databases (Google Scholar) Online Stores (Bookfinder.com) Open Library (openlibrary.org)

Exporting to Dublin Core...

SOUTHVILLE LIBRARY

Southville International School and Colleges Library

1281 Tropical Ave. Cor. Luxembourg St., BF Homes International, Las Pinas City

Tel. No. 8256374 / 252358 Loc. 117/146

Powered by Koha